1978 general election to Mizoram Legislative Assembly (Record no. 490524)

000 -LEADER
fixed length control field 00362cam a22001097a 4500
008 - FIXED-LENGTH DATA ELEMENTS--GENERAL INFORMATION
fixed length control field 180718b1978 xxu||||| |||| 00| 0 eng d
082 ## - DEWEY DECIMAL CLASSIFICATION NUMBER
Classification number F8065x54114 L/1978
245 ## - TITLE STATEMENT
Title 1978 general election to Mizoram Legislative Assembly
Statement of responsibility, etc. by Election Department, Mizoram
260 ## - PUBLICATION, DISTRIBUTION, ETC.
Place of publication, distribution, etc. Aizawl
Name of publisher, distributor, etc. Election Department
Date of publication, distribution, etc. 1978
300 ## - PHYSICAL DESCRIPTION
Extent 8p.
700 ## - ADDED ENTRY--PERSONAL NAME
Personal name Mizoram. Election Department
Holdings
Withdrawn status Lost status Damaged status Not for loan Permanent Location Current Location Date acquired Full call number Barcode Date last seen Price effective from Koha item type
        Indian Institute of Public Administration Indian Institute of Public Administration 2018-08-04 F8065x54114 L/1978 GG20830 2018-08-04 2018-08-04 GG

Powered by Koha